000 00401nam a2200169Ia 4500
008 230524s9999 xx 000 0 und d
020 _a8131706915
082 _a381.142
_bARM
100 _aArmstrong
245 0 _aMarketing : An Introduction
250 _aIST
260 _aNEW DELHI
_bPearson
_c2008
300 _aXV;1193
500 _aQuantity Number: 5
650 _aManagement
942 _cBK
999 _c41972
_d41972